Cafe Map-Web based Online Ordering System / (Record no. 212156)
[ view plain ]
| 000 -LEADER | |
|---|---|
| fixed length control field | 00889 a2200193 4500 |
| 003 - CONTROL NUMBER IDENTIFIER | |
| control field | NUST |
| 005 - DATE AND TIME OF LATEST TRANSACTION | |
| control field | 20251216131808.0 |
| 040 ## - CATALOGING SOURCE | |
| Transcribing agency | Nust |
| 082 ## - DEWEY DECIMAL CLASSIFICATION NUMBER | |
| Classification number | 621.382,EMA |
| 100 ## - MAIN ENTRY--PERSONAL NAME | |
| Personal name | Eman, Kanzah (TCC-22) |
| 9 (RLIN) | 131551 |
| 245 ## - TITLE STATEMENT | |
| Title | Cafe Map-Web based Online Ordering System / |
| Statement of responsibility, etc. | Kanzah Eman, Tayyaba Farooqi,Omair Altaf and Asad Mahmood (TCC-22) |
| 260 ## - PUBLICATION, DISTRIBUTION, ETC. | |
| Place of publication, distribution, etc. | Rawalpindi |
| Name of publisher, distributor, etc. | MCS (NUST) |
| Date of publication, distribution, etc. | June 2014 |
| 300 ## - PHYSICAL DESCRIPTION | |
| Extent | 110 p.; |
| 505 ## - FORMATTED CONTENTS NOTE | |
| Formatted contents note | Introduction (Page-1), Back Ground and Literature Review (Page-4), Technological Requirements (Page-12), Approach & Specification (Page-22),Tools & Techniques (Page-30), Implementation (Page-37), Analysis and Evaluation (Page-64), Future Work (Page-71), Bibliography (Page-110). |
| 650 ## - SUBJECT ADDED ENTRY--TOPICAL TERM | |
| Topical term or geographic name entry element | UG Project |
| 9 (RLIN) | 131132 |
| 651 ## - SUBJECT ADDED ENTRY--GEOGRAPHIC NAME | |
| Geographic name | TCC-22 |
| 9 (RLIN) | 131223 |
| 700 ## - ADDED ENTRY--PERSONAL NAME | |
| Personal name | Supervised by Lec Intisar Rizwan-i-Haque and Co Supervised by Mr Juwad Arshad |
| 9 (RLIN) | 132319 |
| 942 ## - ADDED ENTRY ELEMENTS (KOHA) | |
| Koha item type | Project Report |
| Source of classification or shelving scheme | |
| Withdrawn status | Lost status | Source of classification or shelving scheme | Damaged status | Not for loan | Permanent Location | Current Location | Shelving location | Date acquired | Full call number | Barcode | Date last seen | Price effective from | Koha item type | Public note |
|---|---|---|---|---|---|---|---|---|---|---|---|---|---|---|
| Military College of Signals (MCS) | Military College of Signals (MCS) | Reference | 12/12/2016 | 621.382,EMA | MCSPTC-207 | 12/08/2016 | 12/12/2016 | Project Report | Almirah No. 94, Shelf No. 4 | |||||
| Military College of Signals (MCS) | Military College of Signals (MCS) | Reference | 12/12/2016 | 621.382,EMA | MCSPTE-232 | 12/08/2016 | 12/12/2016 | Project Report |
